[Event "Le Touquet op 22nd"]
[Site "Le Touquet"]
[Date "2007.11.02"]
[Round "9"]
[White "Gauge, Vincent"]
[Black "Hadet, Emmanuel"]
[Result "1-0"]
[WhiteElo "1952"]
[BlackElo "2018"]
[PlyCount "77"]
[EventDate "2007.10.27"]
[EventType "swiss"]
[EventRounds "9"]
[EventCountry "FRA"]
[SourceTitle "EXT 2008"]
[Source "ChessBase"]
[SourceDate "2007.11.25"]
[SourceVersion "1"]
[SourceVersionDate "2007.11.25"]
[SourceQuality "1"]

1. e4 c5 2. c3 g6 3. Nf3 Bg7 4. Bc4 Nc6 5. 0-0 Na5 6. Be2 Nf6 7. d3 0-0 8. h3 c4 9. e5 cxd3 10. Bxd3 Ne8 11. Re1 d6 12. Bf4 dxe5 13. Nxe5 Be6 14. Na3 Nf6 15. Nb5 Nd5 16. Bg3 Nc6 17. Nxc6 bxc6 18. Na3 Nxc3 19. bxc3 Bxc3 20. Qc2 Bxa1 21. Rxa1 Qd4 22. Rc1 Rfd8 23. Bf1 Qd2 24. Bc4 Qxc2 25. Rxc2 Rd1+ 26. Kh2 Bd5 27. Ba6 c5 28. Nb5 e6 29. Rxc5 Bxa2 30. Rc7 Bd5 31. Nd6 Ra1 32. Bb5 Rb1 33. Be5 a6 34. Be8 f6 35. Bxf6 Rb6 36. Bf7+ Kf8 37. Bg5 Kg7 38. Bxe6+ Kf8 39. Bh6# 1-0